European Journal of Social Work <The> International Forum for the Social Professions

Gespeichert in:
Bibliographische Detailangaben
Format: Schriftenreihe
Sprache:Englisch
Veröffentlicht: London Taylor & Francis 2015
Schlagworte:
Tags: Tag hinzufügen
Keine Tags, Fügen Sie das erste Tag hinzu!

MARC

LEADER 00000nas2a2200000 4500
001 0261927
005 20200130084603.9
022 |a 1369-1457 
041 0 |a eng 
044 |a GB 
245 1 0 |a European Journal of Social Work  |b <The> International Forum for the Social Professions 
264 1 |a London  |b Taylor & Francis  |c 2015 
500 |a Chýba č. 6 
773 0 |w eu_un_cat*0193867 
610 2 0 |a práca sociálna 
610 2 0 |a politika sociálna 
610 2 0 |a služby sociálne 
610 2 0 |a starostlivosť sociálna 
610 2 0 |a behaviorizmus 
610 2 0 |a vedy spoločenské 
610 2 0 |a Európa